| 000 | 00624nam a2200205 i 4500 | ||
|---|---|---|---|
| 001 | 40361 | ||
| 003 | ES-MaACL | ||
| 005 | 20250910213138.0 | ||
| 007 | t| | ||
| 008 | 030306s1964 sp |||| | cat d | ||
| 080 | _a849.9-14"19" | ||
| 100 | 1 |
_aCarner, Josep. _935366 |
|
| 245 | 1 | 0 |
_aBestiari / _cJosep Carner ; justificació per Joan Fuster ; pròleg per Pedro Laín Entralgo. |
| 260 |
_aBarcelona : _bNauta, _c1964. |
||
| 300 |
_aXVI, 194 p. ; _c25 cm. |
||
| 700 | 1 |
_aFuster, Joan, _d1922-1992 _9163689 |
|
| 700 | 1 |
_aLaín Entralgo, Pedro, _d1908-2001 _969681 |
|
| 852 |
_aES-MaACL _jC-25336 |
||
| 999 |
_c40361 _d40361 |
||